Star-Wars-Charaktere in der Originaltrilogie und der Sequel-Trilogie - Statistiken

Allgemein
  • Dieses Quiz wurde 357 mal gespielt
    333 seit der letzten Aktualisierung
  • Das Durchschnittsergebnis liegt bei 8 aus 13
Antwortstatistiken
Episoden Charakter % Korrekt
IV-IX Luke Skywalker
95%
IV-IX Leia Organa
91%
IV-VII, IX Han Solo
90%
IV-IX R2-D2
82%
IV-IX C-3PO
81%
IV-IX Chewbacca
80%
V-VI, IX Sheev Palpatine / Darth Sidious
80%
V-VI, VIII Yoda
65%
V-VI, IX Lando Calrissian
64%
VI-VIII Gial Ackbar
36%
IV-VI, IX Wedge Antilles
14%
VI-IX Nien Nunb
9%
VI, IX Wicket Wystri Warrick
5%
Keine übereinstimmenden Quizze gefunden
Verteilung der Resultate
Anzahl Personen mit jedem Resultat
Perzentil nach korrekt beantworteten Fragen
Ihre Resultats-Entwicklung
Sie haben dieses Quiz seit der letzten Aktualisierung nicht gespielt